Представление документа в формате RUSMARC

ПолеНазваниеЗначение
  Тип записи c
  Библиографический уровень c
001 Контрольный номер RU/SLIB/B/208753220
005 Дата корректировки 20201206204141.1
010 Индекс ISBN __
d Цена 200-00
101 Язык документа __
a Язык текста rus
200 Заглавие и сведения об ответственности __
a Заглавие Произведения для смешанного, женского и мужского хора
e Сведения, относящиеся к заглавию в сопровождении фортепиано и без сопровождения : ноты
f Первые сведения об ответственности сост. А. Зиновьев
b Общее обозначение материала Ноты
210 Выходные данные __
a Место издания М.
c Издательство Музыка
d Дата издания 1986
215 Физическое описание __
a Объем 47 с.
c Иллюстрации/тип воспроизводства ноты
225 Серия __
a Серия Библиотека хормейстера
v Обозначение тома вып. 51
606 Тематические рубрики __
a Основная рубрика Музыка и зрелищные искусства
606 Тематические рубрики __
a Основная рубрика Вокальная музыка
610 Ключевые слова __
a Ключевые слова нотные издания; смешанные хоры; фортепиано; музыкальные произведения; ноты; хоровая музыка
686 Индексы других классификаций __
a Классификационный индекс 85.941
702 Вторичная интеллектуальная ответственность __
a Фамилия Зиновьев
b Имя А.
4 Код отношения Составитель
801 Источник записи _0
a Страна RU
b Организация Муниципальное бюджетное учреждение культуры "Централизованная библиотечная система" г. Сургут (Центральная городская библиотека им. А. С. Пушкина)
g Правила каталогизации КиК/Уланова
801 Источник записи _1
a Страна RU
b Организация Муниципальное бюджетное учреждение культуры "Централизованная библиотечная система" г. Сургут (Центральная городская библиотека им. А. С. Пушкина)
g Правила каталогизации КиК/Уланова
852 Данные о местонахождении __
j Шифр хранения 85.941
c Каталожный индекс 85.941
i Авторский знак П 80
p Инвентарный номер Б/Н
901 Тип документа 1_
t Тип документа x
969 Тип издания __
a Тип издания сборник; песенник
990 Данные о заказе (DOS) __
j Количество экземпляров (DOS) 1